Sports Quiz

Random Sports or Numbers Quiz

Slovene national football team Quiz Stats

 Plays Quiz not verified by Sporcle

Also try: Clubs of Serie A
Challenge
Share
Tweet
Embed
Score 0/24 Timer 10:00
0 Plays Today
Position Player % Correct
MidfielderValter BIRSA
86.7%
GoalkeeperSamir HANDANOVIC
80%
GoalkeeperJasmin HANDANOVIC
80%
AttackerMilivoje NOVAKOVIC
73.3%
DefenderBostjan CESAR
73.3%
AttackerZlatan LJUBIJANKIC
66.7%
DefenderMiso BRECKO
66.7%
MidfielderRobert KOREN
66.7%
DefenderBojan JOKIC
66.7%
DefenderMarko SULER
60%
CoachMatjaz KEK
60%
AttackerZlatko DEDIC
53.3%
Position Player % Correct
MidfielderAndraz KIRM
53.3%
MidfielderAleksandar RADOSAVLJEVIC
46.7%
AttackerTim MATAVZ
46.7%
MidfielderRene KRHIN
40%
GoalkeeperAleksander SELIGA
40%
DefenderElvedin DZINIC
33.3%
DefenderSuad FILEKOVIC
33.3%
DefenderBranko ILIC
33.3%
AttackerNejc PECNIK
33.3%
DefenderMatej MAVRIC
33.3%
MidfielderAndrej KOMAC
26.7%
MidfielderDalibor STEVANOVIC
26.7%

You're not logged in!

Compare scores with friends on all Sporcle quizzes.
OR
Log In

You Might Also Like...

Show Comments

Extras

Top Quizzes Today


Score Distribution

Your Account Isn't Verified!

In order to create a playlist on Sporcle, you need to verify the email address you used during registration. Go to your Sporcle Settings to finish the process.

Report this User

Report this user for behavior that violates our Community Guidelines.

Details: